[Event "Erfurt op-A 29th"]
[Site "Erfurt"]
[Date "2019.12.28"]
[Round "5"]
[White "Jedinger, Andreas"]
[Black "Geisshirt, Marco"]
[Result "1-0"]
[WhiteElo "2117"]
[BlackElo "2022"]
[PlyCount "69"]
[EventDate "2019.12.26"]
[EventType "swiss"]
[EventRounds "8"]
[EventCountry "GER"]
[SourceTitle "CBM 194 Extra"]
[Source "ChessBase"]
[SourceDate "2020.03.31"]
[SourceVersion "1"]
[SourceVersionDate "2020.03.31"]
[SourceQuality "1"]

1. e4 e5 2. Nf3 Nc6 3. Bb5 Nf6 4. 0-0 Nxe4 5. d4 Nd6 6. Bxc6 dxc6 7. dxe5 Nf5 8. Qxd8+ Kxd8 9. Nc3 Be7 10. Rd1+ Ke8 11. h3 Nh4 12. Nxh4 Bxh4 13. Ne2 Be7 14. Be3 b6 15. c4 Bd7 16. a4 Kd8 17. a5 b5 18. cxb5 cxb5 19. Nc3 c6 20. Rac1 a6 21. Ne4 Ke8 22. Bc5 h5 23. b4 Rh6 24. Bxe7 Kxe7 25. Nc5 Be6 26. Rd6 Bd5 27. Rxh6 gxh6 28. Rc3 h4 29. g4 hxg3 30. Rxg3 h5 31. f4 Bc4 32. f5 f6 33. Rg7+ Kf8 34. exf6 Rc8 35. Ne6+ 1-0

[Event "Arco op 41st"]
[Site "Arco"]
[Date "2019.10.11"]
[Round "8"]
[White "Buchaeckert, Juergen"]
[Black "Geisshirt, Marco"]
[Result "1/2-1/2"]
[WhiteElo "1847"]
[BlackElo "2025"]
[PlyCount "57"]
[EventDate "2019.10.04"]
[EventType "swiss"]
[EventRounds "9"]
[EventCountry "ITA"]
[SourceTitle "EXT 2020"]
[Source "ChessBase"]
[SourceDate "2019.10.17"]
[SourceVersion "1"]
[SourceVersionDate "2019.10.17"]
[SourceQuality "1"]

1. e4 g6 2. d4 Bg7 3. Nc3 c5 4. dxc5 Qa5 5. Bd2 Qxc5 6. Nd5 Na6 7. Nf3 e6 8. Bc3 Bxc3+ 9. Nxc3 Nf6 10. Qd2 Nc7 11. e5 Ng4 12. Ne4 Qd5 13. Nd6+ Kf8 14. Qf4 f5 15. h3 Qa5+ 16. b4 Qa3 17. hxg4 Qc3+ 18. Ke2 Qxa1 19. Nh4 Kg7 20. Nhxf5+ exf5 21. gxf5 Nd5 22. f6+ Kg8 23. f7+ Kf8 24. Qh6+ Ke7 25. Qg5+ Ke6 26. Qg4+ Kxe5 27. Nc4+ Kf6 28. Qf3+ Ke6 29. f8Q 1/2-1/2

[Event "Arco op 41st"]
[Site "Arco"]
[Date "2019.10.10"]
[Round "7"]
[White "Geisshirt, Marco"]
[Black "Di Chiara, Mauro"]
[Result "1-0"]
[WhiteElo "2025"]
[BlackElo "1878"]
[PlyCount "67"]
[EventDate "2019.10.04"]
[EventType "swiss"]
[EventRounds "9"]
[EventCountry "ITA"]
[SourceTitle "EXT 2020"]
[Source "ChessBase"]
[SourceDate "2019.10.17"]
[SourceVersion "1"]
[SourceVersionDate "2019.10.17"]
[SourceQuality "1"]

1. e4 c5 2. Nf3 Nc6 3. Nc3 g6 4. Bc4 Bg7 5. 0-0 e6 6. Re1 d6 7. Ne2 Nge7 8. c3 0-0 9. d4 cxd4 10. cxd4 d5 11. exd5 Nxd5 12. a3 Nce7 13. Bg5 h6 14. Bh4 b6 15. Bxd5 exd5 16. Nc3 g5 17. Bg3 Nf5 18. Be5 f6 19. Bg3 Nxg3 20. hxg3 Qd6 21. Qd3 Bb7 22. Nh2 Rae8 23. Qg6 Rxe1+ 24. Rxe1 Bc8 25. Nb5 Qd7 26. Ng4 f5 27. Nxh6+ Kh8 28. Nd6 Bxh6 29. Qxh6+ Kg8 30. Nxc8 Rxc8 31. Re6 Rc1+ 32. Kh2 Kf7 33. Rf6+ Ke7 34. Qf8# 1-0

[Event "Arco op 41st"]
[Site "Arco"]
[Date "2019.10.07"]
[Round "4"]
[White "Geisshirt, Marco"]
[Black "Horvath, Jozsef"]
[Result "0-1"]
[WhiteElo "2025"]
[BlackElo "2450"]
[PlyCount "50"]
[EventDate "2019.10.04"]
[EventType "swiss"]
[EventRounds "9"]
[EventCountry "ITA"]
[SourceTitle "EXT 2020"]
[Source "ChessBase"]
[SourceDate "2019.10.17"]
[SourceVersion "1"]
[SourceVersionDate "2019.10.17"]
[SourceQuality "1"]

1. g3 g6 2. Bg2 Bg7 3. Nf3 d6 4. 0-0 e5 5. e4 Nc6 6. c3 Nge7 7. d4 exd4 8. cxd4 Bg4 9. Be3 Qd7 10. Qd2 0-0 11. Nc3 f5 12. d5 Na5 13. b3 fxe4 14. Nd4 c5 15. Nde2 b6 16. Rae1 Bf3 17. Nxe4 Bxg2 18. Kxg2 Qf5 19. N2c3 Qf3+ 20. Kg1 Nb7 21. Ng5 Bxc3 22. Qxc3 Qxd5 23. Bf4 Nf5 24. Rd1 Nd4 25. Be3 Ne2# 0-1

[Event "Arco op 41st"]
[Site "Arco"]
[Date "2019.10.04"]
[Round "1"]
[White "Geisshirt, Marco"]
[Black "Omran, Wael"]
[Result "1-0"]
[WhiteElo "2025"]
[BlackElo "1678"]
[PlyCount "33"]
[EventDate "2019.10.04"]
[EventType "swiss"]
[EventRounds "9"]
[EventCountry "ITA"]
[SourceTitle "EXT 2020"]
[Source "ChessBase"]
[SourceDate "2019.10.17"]
[SourceVersion "1"]
[SourceVersionDate "2019.10.17"]
[SourceQuality "1"]

1. e4 e5 2. Nf3 d6 3. Nc3 Nf6 4. d4 exd4 5. Nxd4 Be7 6. g3 0-0 7. Bg2 Re8 8. 0-0 c6 9. a3 Qc7 10. b4 Nbd7 11. b5 c5 12. Nf5 Bf8 13. Rb1 Rb8 14. Bf4 Ne5 15. b6 axb6 16. Nb5 Qe7 17. Nxe7+ 1-0

[Event "Friedrichroda op 18th"]
[Site "Friedrichroda"]
[Date "2014.08.16"]
[Round "5"]
[White "Geisshirt, Marco"]
[Black "Roth, Thorsten"]
[Result "1-0"]
[WhiteElo "1993"]
[BlackElo "2120"]
[PlyCount "67"]
[EventDate "2014.08.13"]
[EventType "swiss"]
[EventRounds "7"]
[EventCountry "GER"]
[SourceTitle "CBM 162 Extra"]
[Source "ChessBase"]
[SourceDate "2014.10.17"]
[SourceVersion "1"]
[SourceVersionDate "2014.10.17"]
[SourceQuality "1"]

1. e4 e5 2. Nf3 Nc6 3. Nc3 Nf6 4. Nxe5 Nxe5 5. d4 Nc6 6. d5 Bb4 7. dxc6 Qe7 8. cxd7+ Bxd7 9. f3 0-0-0 10. Bd3 Nd5 11. Bd2 Nxc3 12. Bxc3 Bxc3+ 13. bxc3 Qc5 14. c4 f5 15. Qd2 fxe4 16. fxe4 Rhe8 17. Qf2 Qb4+ 18. Qd2 Qb6 19. Qf2 Qb4+ 20. Qd2 Qb6 21. Qf2 Bc6 22. Qxb6 cxb6 23. 0-0-0 Bxe4 24. Rhe1 Bg6 25. Bxg6 hxg6 26. Rxe8 Rxe8 27. Rd4 Kc7 28. Kd2 Re6 29. Kd3 Kc6 30. Rg4 Kc5 31. a3 a6 32. Rg5+ Kc6 33. h4 Rd6+ 34. Ke4 1-0

[Event "Friedrichroda op 18th"]
[Site "Friedrichroda"]
[Date "2014.08.14"]
[Round "3"]
[White "Geisshirt, Marco"]
[Black "Puschendorf, Steffen"]
[Result "0-1"]
[WhiteElo "1993"]
[BlackElo "2168"]
[PlyCount "102"]
[EventDate "2014.08.13"]
[EventType "swiss"]
[EventRounds "7"]
[EventCountry "GER"]
[SourceTitle "CBM 162 Extra"]
[Source "ChessBase"]
[SourceDate "2014.10.17"]
[SourceVersion "1"]
[SourceVersionDate "2014.10.17"]
[SourceQuality "1"]

1. Nf3 Nf6 2. g3 g6 3. Bg2 Bg7 4. 0-0 0-0 5. d4 d6 6. c4 Nbd7 7. Nc3 e5 8. d5 a5 9. Bg5 h6 10. Bxf6 Qxf6 11. Qc2 Qe7 12. a3 f5 13. e4 f4 14. Bh3 Nf6 15. Bxc8 Raxc8 16. Nh4 Qf7 17. f3 fxg3 18. hxg3 Nh5 19. Qh2 Qf6 20. Qh3 Kh7 21. Qg4 Qg5 22. Kg2 Rf7 23. Kh3 Rcf8 24. Rf2 Qxg4+ 25. Kxg4 Bf6 26. Ng2 Bg5 27. Raf1 Nf6+ 28. Kh3 Nd7 29. b4 Nb6 30. c5 dxc5 31. bxc5 Nc4 32. f4 Be7 33. Na4 b5 34. cxb6 cxb6 35. Rc1 b5 36. Nc3 Nxa3 37. Re2 Bd6 38. Ra1 b4 39. Rxa3 bxa3 40. Nb5 Bc5 41. Rc2 Bb4 42. fxe5 Rf2 43. Nxa3 Bxa3 44. Rxf2 Rxf2 45. d6 Rd2 46. Nf4 Bxd6 47. exd6 Rxd6 48. e5 Rd8 49. Kg4 a4 50. Ne6 Re8 51. Nc5 Rxe5 0-1